Statistics for French Authors by Picture

Click here to take the quiz!

General Stats

  • This quiz has been taken 146 times
  • The average score is 7 of 16

Answer Stats

Answer% Correct
Victor Hugo
82%
Voltaire
82%
Simone de Beauvoir
70%
Alexandre Dumas
59%
Gustave Flaubert
45%
George Sand
43%
Charles Baudelaire
40%
Jules Verne
40%
Denis Diderot
38%
Emile Zola
35%
Stendhal
32%
Michel de Montaigne
30%
Jean-Jacques Rousseau
21%
Marquis de Sade
20%
Germaine de Staël
15%
Madame de Lafayette
14%

Score Distribution

Percentile by Number Answered

Percent of People with Each Score

Your Score History

You have not taken this quiz